Trh produktov a trhový dohľad diplomová práca

Na minha lista:
Detalhes bibliográficos
Autor principal: Broskovicsová, Viktória
Autor Corporativo: Obchodná fakulta EU. Katedra tovaroznalectva a kvality tovaru
Outros Autores: Kollár, Vojtech
Formato: Livro
Idioma:eslovaco
Publicado em: Bratislava 2014
Tags: Adicionar Tag
Sem tags, seja o primeiro a adicionar uma tag!

MARC

LEADER 00000nbm a2200000 4500
001 0186284
005 20170201100107.0
041 0 |a slo 
044 |a SK 
245 1 0 |a Trh produktov a trhový dohľad  |b diplomová práca  |c Viktória Broskovicsová ; školiteľ: Vojtech Kollár 
264 1 |a Bratislava  |c 2014 
300 |a 90 s. 
100 1 |a Broskovicsová, Viktória 
700 1 |a Kollár, Vojtech 
710 2 |a Obchodná fakulta EU. Katedra tovaroznalectva a kvality tovaru